Γλωσσική και λογοτεχνική κριτική
Saved in:
| Main Author: | |
|---|---|
| Format: | Book |
| Language: | Greek |
| Published: |
Αθήνα :
Αθ. Χριστάκης,
2002.
|
| Subjects: | |
| Tags: |
Add Tag
No Tags, Be the first to tag this record!
|
MARC
| LEADER | 00000cam a2200000 a 4500 | ||
|---|---|---|---|
| 001 | 1/121977 | ||
| 008 | 200821s2002####gr | ||| |||| ||gre|| | ||
| 020 | |a 9609027113 | ||
| 040 | |a GR-MyUa |b gre |c GR-MyUa |e AACR2 | ||
| 041 | 0 | |a gre | |
| 082 | 7 | |a 407.1 |2 (23) | |
| 100 | 1 | |a Χαραλαμπάκης, Χριστόφορος, |d 1948- | |
| 245 | 1 | 0 | |a Γλωσσική και λογοτεχνική κριτική / |c Χριστόφορος Χαραλαμπάκης. |
| 260 | |a Αθήνα : |b Αθ. Χριστάκης, |c 2002. | ||
| 300 | |a 272 σ. ; |c 25 εκ. | ||
| 500 | |a Περιέχει υποσημειώσεις. | ||
| 504 | |a Περιλαμβάνει βιβλιογραφικές παραπομπές. | ||
| 650 | 0 | |a Language and languages |x Study and teaching. | |
| 650 | 0 | |a Linguistic analysis (Linguistics) | |
| 650 | 0 | |a Greek language, Modern |x Study and teaching. | |
| 650 | 0 | |a Criticism. | |
| 852 | |a INST |b RHODES |e 20200821 |h 407.1 ΧΑΡ |p 005400041650 |q 005400041650 |t BK |y 0 | ||
| 970 | |a Μαρία |b Κωτάκου |z 21-08-2020 | ||